000
00258nam a2200097Ia 4500
008
220204s9999 xx 000 0 und d
082
_a
058(548.3)
_b
TRA
245
0
_a
Travancore directory for 1942. Part I
260
_a
Kerala
_b
Govt of Kerala
_c
1941
942
_c
BK
999
_c
19834
_d
19834